000 00364nam a2200133Ia 4500
008 100328s9999 xx 000 0 und d
082 _b41249
100 _aपंडित नलिनी
245 _aगांधी
260 _bग्रंथाली वाचक चळवळ
630 _aगांधी
730 _aगांधी
942 _cBOOK
999 _c529865
_d529862